Datum a čas kvízu
27.5
Celkem bodů
Celkový počet nahraných bodů na tomto kvízu bez doplňovacích otázek.
10.
Pořadí na kvízu
Konečné umístění týmu na tomto kvízu.
Zaznamenané odpovědi
| # | Otázka | Odpověď | Body | Výsledky |
|---|---|---|---|---|
| 1. | Že vánoční punk není mrtvý, má... | Bruntál | 1 | |
| 2. | Premiér jisté země byl minulý... | o Izraeli | 0 | |
| 3. | Křišťálovou lupu za online vid... | Honza Mikulka, Janek Rubeš | 0.5 | |
| 4. | Lety britského nízkonákladovéh... | EasyJet | 1 | |
| 5. | Trenérská legenda José Mourinh... | Tottenham (Hotspur) | 1 | |
| 6. | Toto téma minulý týden zvítězi... | Vídeň, 2005 | 1 | |
| 7. | Nespočet hlášek má na svém kon... | vycházky | 0 | |
| 8. | Televize Nova a sportovní přen... | Václav Tittelbach, Pavel Poulíček | 1 | |
| 9. | Autorem mnoha legendárních hlá... | Nemecký/Německý | 1 | |
| 10. | Tento finský komentář vítěznéh... | 71 m (uznáváme tedy 68–74) | 1 |